| 000 | 00391nam a2200169Ia 4500 | ||
|---|---|---|---|
| 003 | 0100 | ||
| 008 | 130303s9999 xx 000 0 und d | ||
| 040 | _cARRUPELIB | ||
| 050 | _aQ175.R87 1965 | ||
| 100 | _aRussell, Bertrand | ||
| 245 | _aOn the Philosophy of Science | ||
| 260 | _aKansas city | ||
| 260 | _bBobbs-Merrill company, inc | ||
| 260 | _C1965 | ||
| 300 | _a232P | ||
| 942 | 0 | 0 | _02 |
| 999 |
_c40048 _d40048 |
||